ध्यानसूत्र (Record no. 335792)

MARC details
000 -LEADER
fixed length control field 00514nam a2200181Ia 4500
008 - FIXED-LENGTH DATA ELEMENTS--GENERAL INFORMATION
fixed length control field 090711s9999 xx 000 0 und d
082 ## - DEWEY DECIMAL CLASSIFICATION NUMBER
Item number 808
100 ## - MAIN ENTRY--PERSONAL NAME
Personal name ओशो
245 ## - TITLE STATEMENT
Title ध्यानसूत्र
260 ## - PUBLICATION, DISTRIBUTION, ETC. (IMPRINT)
Name of publisher, distributor, etc महेता पब्लिकेशन हाऊस
Date of publication, distribution, etc 1999
300 ## - PHYSICAL DESCRIPTION
Extent 180
600 ## - SUBJECT ADDED ENTRY--PERSONAL NAME
Personal name ओशो
630 ## - SUBJECT ADDED ENTRY--UNIFORM TITLE
Uniform title ध्यानसूत्र
700 ## - ADDED ENTRY--PERSONAL NAME
Personal name ओशो
700 ## - ADDED ENTRY--PERSONAL NAME
Personal name कर्वे माधव
730 ## - ADDED ENTRY--UNIFORM TITLE
Uniform title ध्यानसूत्र
942 ## - ADDED ENTRY ELEMENTS (KOHA)
Koha item type Book

No items available.